Mechanism of state support differentiate disposition for Russian agricultural commodity producer

Teoretické a metodologické otázky týkajúce sa rozpočtovej podpory poľnohospodárstva v regiónoch Ruska. Hlavné problémy a perspektívy rozvoja štátnej podpory pre poľnohospodárstvo v podmienkach WTO. Rozdiely v regiónoch a koeficienty diferencovanej dispozície štátnej podpory.

Salvato in:
Dettagli Bibliografici
Autore principale: Kuznetsov, Nikolay
Altri autori: Vorotnikov, Igor, Nayanov, Alexandr
Natura: Capitolo di libro
Lingua:inglese
Soggetti:
Tags: Aggiungi Tag
Nessun Tag, puoi essere il primo ad aggiungerne!!

MARC

LEADER 00000nla a2200000 4500
001 0231051
005 20240417075120.2
041 0 |a eng 
044 |a UA 
245 1 0 |a Mechanism of state support differentiate disposition for Russian agricultural commodity producer  |c Nikolay Kuznetsov, Igor Vorotnikov, Alexandr Nayanov 
520 |a Teoretické a metodologické otázky týkajúce sa rozpočtovej podpory poľnohospodárstva v regiónoch Ruska. Hlavné problémy a perspektívy rozvoja štátnej podpory pre poľnohospodárstvo v podmienkach WTO. Rozdiely v regiónoch a koeficienty diferencovanej dispozície štátnej podpory. 
610 2 0 |a Rusko 
610 2 0 |a regióny 
610 2 0 |a poľnohospodárstvo 
610 2 0 |a politika poľnohospodárska 
610 2 0 |a podpora štátna 
610 2 0 |a rozpočet štátny 
610 2 0 |a bezpečnosť potravinová 
100 1 |a Kuznetsov, Nikolay 
700 1 |a Vorotnikov, Igor 
700 1 |a Nayanov, Alexandr